Statistics for Name a Valid Synonym

Click here to take the quiz!

General Stats

  • This quiz has been taken 62 times
  • The average score is 10 of 20

Answer Stats

HintAnswer% Correct
HilariousFunny/Humorous/Comedic/
Amusing/Comical
98%
FrigidIcy/Chilly/Cold/
Freezing/Cool
88%
LawyerAttorney/Counsellor/Advocate/
Solicitor/Prosecutor
84%
BeautifulLovely/Gorgeous/Cute/
Handsom/Attractive
84%
SereneQuiet/Peaceful/Placid/
Tranquil/Calm
84%
MelancholySad/Depressing/Mournful/
Pathetic/Tearful
82%
HappyDelighted/Pleased/Glad/
Satisfied/Thankful
81%
NimbleGraceful/Agile/Quick/
Clever/Intelligent
79%
DelectableDelicious/Delightful/Pleasant/
Sweet/Enjoyable
60%
AudaciousAdventurous/Daring/Bold/
Courageous/Fearless
56%
CacophanyNoise/Roar/Rattle/
Chatter/Commotion
49%
EuphoriaEcstasy/Joy/Elation/
Heaven/Exhilaration
47%
NebulousAmbiguous/Cryptic/Obscure/Dark/
Vague/Mysterious
21%
LabyrinthineIntricate/Complicated/Complex/
Sophisticated/Tangled
19%
EphemeralFlash/Temporary/Brief/Transient/
Fleeting/Evanescant
18%
PerniciousHarmful/Dangerous/Detrimental/
Damaging/Adverse
11%
MellifluousMelodic/Lyrical/Melodious/Musical/
Euphonious/Dulcet
11%
EtherealSpiritual/Incorporeal/Metaphysical/
Supernatural/Psychical
11%
QuixoticRomantic/Impractical/Idealistic/
Utopian/Optimistic
9%
QuerulousRestless/Irritable/Grumpy/
Displeased/Grouchy
2%

Score Distribution

Percentile by Number Answered

Percent of People with Each Score

Your Score History

You have not taken this quiz